Jak dobrze znasz GTA V? - Statystyki

Ogólne statystyki
  • Ten quiz został rozwiązany 228 razy
  • Średni wynik to 11 z 15
Statystyki odpowiedzi
Zagadnienie Odpowiedź % Poprawnych
Jak Franklin Clinton poznał Michaela De Sante? Franklin poznaje Michaela, gdy próbuje odzyskać samochód jego syna na zlecenie dealera, ale Michael ukrywa się w aucie, co prowadzi do nieoczekiwanego spotkania i początku ich współpracy.
94%
Co skłoniło Trevora Philipsa do powrotu do Los Santos po latach nieobecności? Trevor wraca do Los Santos, gdy dowiaduje się, że jego dawny partner Michael De Santa, który rzekomo zginął podczas napadu w ***, wciąż żyje.
94%
Wybierz prawidłową odpowiedz dotyczącą prologu. Prolog to napad na bank, dziejący się w Ludendorff w północnym Yanktonie w 2004r, gracz poznaje tam Brada, Trevora, oraz Michaela. A napad kończy się nie powodzeniem, i rzekomą śmiercią Michaela.
89%
Dlaczego Franklin Clinton bierze udział w napadzie na jubilera w Los Santos? Franklin bierze udział w napadzie, ponieważ Michael obiecuje mu część łupu i możliwość szybkiego zarobku.
88%
Co było głównym powodem, dla którego Trevor odkrył, że Michael wciąż żyje? Trevor zauważył w telewizji relację z napadu na jubilera, gdzie Michael użył specyficznego zwrotu, który Trevor znał z ich wspólnej przeszłości.
88%
Kim był Trevor Philips przed rozpoczęciem swojej kariery przestępczej? Trevor był pilotem wojskowym, który służył w jednostce specjalnej, ale po zakończeniu służby wojskowej i doświadczeniach z nią związanych, przeszedł na przestępczość.
84%
Co sprawia, że Tracy De Santa decyduje się na udział w programie reality show "Fame or Shame"? Tracy decyduje się na udział w programie "Fame or Shame", ponieważ marzy o karierze jako gwiazda telewizyjna i chce zdobyć sławę i rozgłos.
82%
Dlaczego rodzina Michaela De Santa decyduje się na wyprowadzkę i zerwanie kontaktu z nim? Rodzina Michaela wyprowadza się i zrywa kontakt z nim z powodu jego coraz bardziej destrukcyjnego zachowania i problemów finansowych, które wpływają na ich życie.
78%
Kiedy GTA V zostało wydane na konsole Playstation 3, oraz Xbox 360? 17 Września 2013 roku
75%
Dlaczego Lamar Davis współpracuje z Franklinem Clintonem? Lamar współpracuje z Franklinem, ponieważ traktuje go jak przyjaciela i widzi w nim szansę na szybkie zarobienie pieniędzy.
69%
Co sprawiło, że Michael postanowił wrócić do przestępczego świata? Michael wraca do przestępczości, gdy odkrywa, że jego życie w spokoju i luksusie jest nudne i monotonne, a także z powodu poważnych problemów finansowych, spowodowanych przez zawalenie domu trenera Tenisa
67%
Dlaczego GTA V zostało wydane ponownie ok. 2 lata później? Wydanie gry około 2 lata później, było na PC, oraz konsole Playstation 4, i Xbox one.
60%
Co było głównym celem Michaela De Santy w trakcie przeprowadzania "The Big Score"? Celem Michaela było zdobycie jak największej ilości pieniędzy z napadu na bank w Union Depository, aby zapewnić sobie i swojej rodzinie finansowe bezpieczeństwo.
59%
Jakie główne zmiany wprowadza silnik gry RAGE w GTA V w porównaniu do poprzednich gier z serii? Silnik RAGE w GTA V wprowadza zaawansowane technologie, takie jak bardziej szczegółowe modele 3D, dynamiczne zmiany pogody, ulepszoną fizykę pojazdów i postaci, oraz znacznie większy, otwarty świat.
52%
Jakie metody zastosowano w GTA V do uzyskania realistycznego zachowania pojazdów na drodze? W GTA V zastosowano zaawansowane modele fizyki pojazdów, które uwzględniają różne parametry, takie jak masa, przyczepność opon, siły grawitacyjne i aerodynamiczne, a także symulację uszkodzeń, co pozwala na realistyczne reakcje pojazdów na różne warunki drogowe i styl jazdy.
22%
Nie znaleziono quizów pasujących do podanych kryteriów
Rozkład punktacji
Procent ludzi z każdym wynikiem
Percentyl według liczby udzielonych odpowiedzi
Twoja historia wyników
Nie rozwiązałeś tego quizu